Victoria en Cristo / (Registro nro. 15506)
[ vista simple ]
| 000 -LEADER | |
|---|---|
| fixed length control field | 01575nam a22002297a 4500 |
| 003 - CONTROL NUMBER IDENTIFIER | |
| control field | OSt |
| 005 - DATE AND TIME OF LATEST TRANSACTION | |
| control field | 20210326133411.0 |
| 008 - FIXED-LENGTH DATA ELEMENTS--GENERAL INFORMATION | |
| fixed length control field | 210326t1981 ck ||||gr|||| 00| 0 spa d |
| 020 ## - INTERNATIONAL STANDARD BOOK NUMBER | |
| International Standard Book Number | 9589149146 |
| 040 ## - CATALOGING SOURCE | |
| Original cataloging agency | CO-JMCR |
| Transcribing agency | CO-JMCR |
| 041 0# - LANGUAGE CODE | |
| Language code of text/sound track or separate title | spa |
| 082 04 - DEWEY DECIMAL CLASSIFICATION NUMBER | |
| Classification number | 248.4 / |
| Item number | T868v |
| Edition number | 21 |
| 100 1# - MAIN ENTRY--PERSONAL NAME | |
| Personal name | Trumbull, Carlos G., |
| Relator term | autor |
| 9 (RLIN) | 36586 |
| 245 10 - TITLE STATEMENT | |
| Title | Victoria en Cristo / |
| Statement of responsibility, etc. | Carlos G. Trumbull |
| 260 ## - PUBLICATION, DISTRIBUTION, ETC. | |
| Place of publication, distribution, etc. | Bogotá : |
| Name of publisher, distributor, etc. | Centros de Literatura Cristiana, |
| Date of publication, distribution, etc. | ©1981 |
| 300 ## - PHYSICAL DESCRIPTION | |
| Extent | 110 páginas : |
| Dimensions | 18 cm. |
| 505 0# - FORMATTED CONTENTS NOTE | |
| Formatted contents note | ¿Qué tipo de cristianismo vive usted? -- La vida que triunfa -- Victoria real o falsificada -- ¿Se gana o se regala la victoria? -- Victoria sin esfuerzo -- ES - El secreto de la victoria -- Peligros de la vida victoriosa |
| 520 3# - SUMMARY, ETC. | |
| Summary, etc. | ¿Cómo lograr la victoria dejando que otro la obtenga por usted? En este ensayo sumamente lleno de practicidad, el Sr. Trumbull revela una impresionante y tremenda penetración en la amplia realidad de la victoria que tenemos en Cristo. El eleva al Señor Jesucristo, apuntando a El como el Victorioso quien la logrado, por medio del poder de su vida divina y su obra consumada en la cruz, un maravilloso lugar de libertad y poder para el creyente. En lenguaje claro y preciso, es descrita al lector la vida que vence sin intentarlo y el secreto de esa victoria. Además, el volumen termina comentando y apuntando -uno por uno- los peligros del saberse victorioso. ¿CUAL ES EL SECRETO DE LA VIDA VICTORIOSA? |
| 650 14 - SUBJECT ADDED ENTRY--TOPICAL TERM | |
| Source of heading or term | Vida cristiana |
| General subdivision | Enseñanza bíblica |
| 9 (RLIN) | 36587 |
| 650 24 - SUBJECT ADDED ENTRY--TOPICAL TERM | |
| Source of heading or term | Literatura cristiana |
| 942 ## - ADDED ENTRY ELEMENTS (KOHA) | |
| Source of classification or shelving scheme | Dewey Decimal Classification |
| Koha item type | Books |
| Withdrawn status | Lost status | Source of classification or shelving scheme | Damaged status | Not for loan | Collection code | Home library | Current library | Date acquired | Source of acquisition | Full call number | Barcode | Date last seen | Copy number | Price effective from | Koha item type |
|---|---|---|---|---|---|---|---|---|---|---|---|---|---|---|---|
| Dewey Decimal Classification | Non-fiction | Biblioteca Pública José María del Castillo y Rada | Biblioteca Pública José María del Castillo y Rada | 10/02/2020 | Donación | 248.4 / T868v | 201811003 | 05/16/2024 | Ej.1 | 03/26/2021 | Books |